000 00194 a2200097 4500
001 976
100 _aTaylor,D/
245 _aPrinciples of Radar
260 _a
_bCambridge
_c
090 _c559
_d559
942 _aNUST-CAE
_cM
_c32033
999 _c236049
_d236049